Passport to Japan : Businessman's guide
সংরক্ষণ করুন:
| বিন্যাস: | গ্রন্থ |
|---|---|
| ভাষা: | Undetermined |
| প্রকাশিত: |
Tokyo
Business Intercommunications Inc.
1978
|
| বিষয়গুলি: | |
| ট্যাগগুলো: |
ট্যাগ যুক্ত করুন
কোনো ট্যাগ নেই, প্রথমজন হিসাবে ট্যাগ করুন!
|
| Thư viện lưu trữ: | Trung tâm Học liệu Trường Đại học Cần Thơ |
|---|
| LEADER | 00569nam a2200193Ia 4500 | ||
|---|---|---|---|
| 001 | CTU_105392 | ||
| 008 | 210402s9999 xx 000 0 und d | ||
| 082 | |a 915.2 | ||
| 082 | |b P289 | ||
| 245 | 0 | |a Passport to Japan : | |
| 245 | 0 | |b Businessman's guide | |
| 260 | |a Tokyo | ||
| 260 | |b Business Intercommunications Inc. | ||
| 260 | |c 1978 | ||
| 650 | |a Merchants, foreign,Customs administration,Japan | ||
| 650 | |x Handbooks, manuals, etc.,Economic conditions | ||
| 650 | |z Japan,Japan | ||
| 904 | |i M.Loan | ||
| 980 | |a Trung tâm Học liệu Trường Đại học Cần Thơ | ||